QUEST Central Library Banner

Public finance in islam / (Record no. 13246)

MARC details
000 -LEADER
fixed length control field 00432nam a2200133 a 4500
100 1# - MAIN ENTRY--AUTHOR NAME
Personal name Siddiqi, S. A.
245 10 - TITLE STATEMENT
Title Public finance in islam /
260 ## - PUBLICATION, DISTRIBUTION, ETC. (IMPRINT)
Place of publication [S.l.] :
Name of publisher M. Ashraf,
Year of publication 1948.
300 ## - PHYSICAL DESCRIPTION
Number of Pages 1 v. (unpaged) ;
856 40 - ELECTRONIC LOCATION AND ACCESS
Uniform Resource Identifier http://www.amazon.com/exec/obidos/ASIN/B007QA9W0Q/chopaconline-20
Holdings
Withdrawn status Lost status Home library Current library Date acquired Cost, normal purchase price Full call number Accession Number Koha item type
    Central Library, QUEST, Nawabshah Central Library, QUEST, Nawabshah 22/04/2015 27.50 297.336SID 9483 Books

Copyright © 2018,The QUEST, Nawabshah, Shaheed Benazirabad. All rights reserved
Mr. G. Farooq Channar (Librarian) QUEST, Nawabshah, Sindh, Pakistan 67480.
 Ph#: |   0244-9370381-4 Ext. 2308   Email| lib@quest.edu.pk   Web|  http://www.quest.edu.pk